000 00923nam a2200253Ia 4500
003 OSt
005 20221005112537.0
006 a|||||r|||| 00| 0
007 ta
008 221004b |||||||| |||| 00| 0 pan d
020 _c200
024 _a17816
037 _b928, 27/03/2015, H.K. Prakashan
_cTextual
040 _aCRL
_cCRL
_bpan
041 _2pan
_apan
082 _aO153:gN, P9
100 _aਹੁੰਦਲ, ਰਾਜਵਿੰਦਰ ਕੌਰ, ਥਦ.
_9160609
245 0 _aਪਰਵਾਸੀ ਪੰਜਾਬੀ ਸਾਹਿਤ
_b ਵਰਤਮਾਨ ਪਰਿਪੇਖ
260 _aਚੰਡੀਗੜ
_bਲੋਕਗੀਤ ਭਾਰਤ
_c2009
300 _a152ਪੰ
_ccm.
650 _aਪੰਜਾਬੀ ਸਾਹਿਤ
942 _hO153:gN, P9
_cTEXL
_2cc
999 _c1025211
_d1025211